Sociálne siete a komunikácia so zákazníkmi bakalárska práca

Enregistré dans:
Détails bibliographiques
Auteur principal: Leitner, Jakub
Collectivité auteur: Fakulta podnikového manažmentu EU. Katedra informačného manažmentu
Autres auteurs: Töröková, Anikó, 1963-
Format: Livre
Langue:slovaque
Publié: Bratislava 2023
Tags: Ajouter un tag
Pas de tags, Soyez le premier à ajouter un tag!

MARC

LEADER 00000nbm a2200000 4500
001 0293283
005 20240312135055.1
041 0 |a slo 
044 |a SK 
245 1 0 |a Sociálne siete a komunikácia so zákazníkmi  |b bakalárska práca  |c Jakub Leitner ; školiteľ: Anikó Töröková 
264 1 |a Bratislava  |c 2023 
300 |a 47 s. 
100 1 |a Leitner, Jakub 
700 1 |a Töröková, Anikó, 1963- 
710 2 |a Fakulta podnikového manažmentu EU. Katedra informačného manažmentu